000 006030000a22001690004500
090 _aAR
_b00267
245 1 0 _aEvaluación del estado limnológico de la laguna de Fúquene (<Cundinamarca, Colombia>) con base en el fitoplancton durante el primer semestre de 1993
650 1 4 _aLimnología
_993114
650 1 4 _aAnálisis del agua
_993112
650 1 4 _aIndicadores biológicos
_94493
650 1 4 _aEcología
_992250
651 4 _lLaguna de Fúquene
_dCundinamarca
_pColombia
_992749
041 0 _aEspañol
100 1 _aGómez Osorio, Marcela
_993115
942 _cARTICULO
773 1 _tTesis
_3103
_q1-11
_d1993
999 _c9367
_d9367